Právne vzťahy k poľnohospodárskej pôde a jej ochrana

Gespeichert in:
Bibliographische Detailangaben
1. Verfasser: Kokavec, Dušan
Format: Buch
Sprache:Slowakisch
Veröffentlicht: Bratislava Veda 1985
Tags: Tag hinzufügen
Keine Tags, Fügen Sie das erste Tag hinzu!

MARC

LEADER 00000nam a2200000 4500
001 c105388
005 20230307125806.8
041 0 |a slo 
044 |a SK 
245 1 0 |a Právne vzťahy k poľnohospodárskej pôde a jej ochrana  |c Dušan Kokavec 
264 1 |a Bratislava  |b Veda  |c 1985 
300 |a 188 s. 
100 1 |a Kokavec, Dušan